Intercultural interactions : a practical guide

Saved in:
Bibliographic Details
Main Author: Cushner, Kenneth
Other Authors: Brislin, Richard W. 1945-
Format: Book
Language:English
Published: London : Sage, 1996
Edition:2nd ed.
Series:Cross-cultural research and methodology series ; ; 9
Subjects:
Tags: Add Tag
No Tags, Be the first to tag this record!

MARC

LEADER 00000nam a2200000 i 4500
001 1/78649
008 990429s1996 eng d
020 |a 0-8039-5991-5 
035 |l 10050199 
040 |a GR-MY-UA  |b gre  |e aacr 
041 0 |a eng 
082 0 |a 303.482 
100 1 |a Cushner, Kenneth. 
245 1 0 |a Intercultural interactions :  |b a practical guide /  |c Kenneth Cushner, Richard W. Brislin 
250 |a 2nd ed. 
260 |a London :   |b Sage,   |c 1996 
300 |a 365 p. 
490 1 |a Cross-cultural research and methodology series  |v ; 9 
650 0 0 |a Intercultural communication. 
650 0 0 |a Ethnopsychology  |x Methodology. 
650 0 0 |a Social interaction. 
650 0 0 |a Cross-cultural studies. 
700 1 |a Brislin, Richard W.  |d 1945- 
830 0 |a Cross-cultural research and methodology series ;  |v ; 9 
852 |a INST  |b RHODES  |e 19990429  |h 303.482 CUS  |p 005400015400  |q 005400015400  |t BK  |y 0 
901 |a BIBL-1999-1 
909 |a Ρ  |b 064874  |c 1999 
922 |a 4ΕΛΗ  |b 199903  |d LEADER